000 00270pam a2200121 a 4500
020 _c
041 _aeng
100 _aChilde Lordan.
245 _aWhat Happend In History
_hTextual Documents
260 _aNew York
_bPenguin Books Ltd
300 _a286p.
930 _a15152
999 _c92052
_d92052